| 000 | 00668nam a2200205 4500 | ||
|---|---|---|---|
| 003 | OSt | ||
| 005 | 20230907083856.0 | ||
| 008 | 708 R549v | ||
| 040 | _cLado V | ||
| 082 |
_a779 _bE18j |
||
| 100 |
_9974 _aEchavarría, Juan Manuel _eautor |
||
| 245 | _aJuan Manuel Echeverría/ | ||
| 260 |
_aCosta Rica _bMinisterio de Educación y Cultura _c2001 |
||
| 300 |
_a28p. _c16x22cm |
||
| 650 |
_2Tesauro de Arte & Arquitectura _aARTE _9702 |
||
| 650 |
_2Tesauro de Arte & Arquitectura _aEXHIBICION _9702 |
||
| 650 |
_2Tesauro de Arte & Arquitectura _aFOTOGRAFÍA _9702 |
||
| 650 |
_2Tesauro de Arte & Arquitectura _aCULTURA |
||
| 942 |
_2ddc _c1 _h779 _iE18j _n0 |
||
| 999 |
_c4272 _d4272 |
||